Conocer y pensar un país /

Đã lưu trong:
Chi tiết về thư mục
Tác giả chính: Gutiérrez Saxe, Miguel
Định dạng: Texto
Các nhãn: Thêm thẻ
Không có thẻ, Là người đầu tiên thẻ bản ghi này!

MARC

LEADER 00000 a a2200000 04500
001 7409
003
040
100 |a Gutiérrez Saxe, Miguel  
245 |a Conocer y pensar un país /  |c Miguel Gutiérrez Saxe 
773 |g número 12; páginas 42-45  
999 |c 25490  |d 25490